MARC

LEADER 00000nam0a2200000 4500
001 82915
005 20231031095920.0
035 |a (RuTPU)RU\TPU\book\89108 
090 |a 82915 
100 |a 20051008d1958 m y0rusy50 ca 
101 0 |a rus 
102 |a RU 
105 |a a z 001zy 
200 1 |a Современные изоляционные материалы в строительстве и технике  |f А. В. Коноров, А. В. Чуйко 
210 |a Москва  |c Трудрезервиздат  |d 1958 
215 |a 160 с.  |c ил. 
320 |a Библиогр.: с. 156-157. 
610 1 |a строительство 
610 1 |a техника 
610 1 |a строительные материалы 
610 1 |a изоляционные материалы 
610 1 |a теплоизоляция 
610 1 |a теплоизоляционные материалы 
610 1 |a звукоизоляция 
610 1 |a звукопоглощающие материалы 
610 1 |a гидроизоляционные материалы 
610 1 |a электроизоляционные материалы 
675 |a 624.9  |v 3 
675 |a 691  |v 3 
700 1 |a Коноров  |b А. В.  |g Александр Владимирович 
701 1 |a Чуйко  |b А. В.  |g Александр Владимирович 
801 1 |a RU  |b 63413507  |c 20051008  |g PSBO 
801 2 |a RU  |b 63413507  |c 20210620  |g PSBO 
942 |c BK